00845 2200217 4500001002100000005001500021035002000036008004100056082001500097090002100112100001900133245011200152260004500264300003900309650001100348650000900359084002100368520021200389990001300601990001300614INLIS00000000000171720240323101542 a0010-0521001717240323 g 0 lat  a581.9(922) a581.9(922) HAS p0 aHASSKARL, J.K.1 aPlantae javanicae rariores : adjectis nonnulis exoticis, in javae hortis cultis descriptae /cJ.K. Hasskarl aBerolini :bSumptibus A Foerstner,c1848 a554 p. ; 22 cm. dilengkapi indeks. 4aBOTANY 4aJAVA a581.9(922) HAS p aDeskripsi fisik berbagai jenis tumbuhan langka yang ditanam di Kebun Raya Bogor sampai tahun 1848 Physical descriptions of various types of rare plants that planted in the Bogor Botanical Gardens until 1848. aL3525/69 aL3526/69